000 01625nas a2200277Ia 4500
001 R050-R9736
003 IT-CnALBA
008 170116c99999999xx |||||||||||| ||und||
040 _aIT-CnALBA
_cIT-CnALBA
041 _aITALIANO
100 _aBARDESSONO P. B.
210 _aDIVUS THOMAS
222 _aDIVUS THOMAS
245 0 _aDIVUS THOMAS. COMMENTARIUM DE PHILOSOPHIA ET THEOLOGIA. ANNO XLI (1938).
250 _a1a ed.
260 _a PIACENZA
_bCOLLEGIO ALBERONI
_c1938 [1° Ed.:1938 - Ed.Ling.Originale: 1938]
300 _a648 p.
310 _aTRIMESTRALE
362 _a (1938)
500 _aCOMMENTO DI FILOSOFIA E TEOLOGIA. ANTITESI DI PECCATO E REDENZIONE. SINTESI DELLA SALVEZZA IN S. GIOVANNI. REALISMO TOMISTA. XII CONGRESSO NAZIONALE DI FILOSOFIA, NAPOLI SETTEMBRE 1937, ROSSI A. NOTE DI CRITICA TESTUALE TOMISTA. DISSERTAZIONI. NOTE DISPUTE. GIUDIZIO SULLE OPERE. NOTE BIBLIOGRAFICHE. RECENSIONI GIORNALI SUI PADRI E SCRITTORI ECCLESIASTICI. FILOSOFI, QUESTIONI DOGMATICHE. ARGOMENTI.
501 _aSocietà San Paolo EM - Piazza San Paolo, 14 - 12051 ALBA (CN) (non commercial uses only) ® Copyright 2017
520 _aCOMMENTO DI FILOSOFIA E TEOLOGIA. ANTITESI DI PECCATO E REDENZIONE. SINTESI DELLA SALVEZZA IN S. GIOVANNI. REALISMO TOMISTA. XII CONGRESSO NAZIONALE DI FILOSOFIA, NAPOLI SETTEMBRE 1937, ROSSI A. NOTE DI CRITICA TESTUALE TOMISTA. DISSERTAZIONI. NOTE DISPUTE. GIUDIZIO SULLE OPERE. NOTE BIBLIOGRAFICHE. RECENSIONI GIORNALI SUI PADRI E SCRITTORI ECCLESIASTICI. FILOSOFI, QUESTIONI DOGMATICHE. ARGOMENTI.
650 _aTEOLOGIA - FILOSOFIA
942 _cCR
957 _71
999 _a61303
_bSI
_g1
_c328329
_d328329